000 02333nam a22004937a 4500
003 CHAP
005 20220329140029.0
008 971013s1919 r 00010 d
010 _a45894
011 _a46866
035 _a51007
040 _cCHAP
082 _a333.72
_bR4
100 0 0 _aResources for the Future, Inc. Washington.
_996162
245 _aAnnual report, 19 - 19
260 _aWashington :
_b(s.e),
_c19 - 19
300 _av.
500 _aLa biblioteca tiene : 1968, 1970, 1972, 1973, 1974, 1975, 1976, 1978, 1979, 1980, 1981, 1984
590 _aBATCH-UPD
_b10
_c20130110
_lUCH01
_h2106
590 _aBATCH-UPD
_b10
_c20130410
_lUCH01
_h1418
590 _aBATCH-UPD
_b10
_c20130914
_lUCH01
_h1315
590 _aCONVERSION
_b10
_c20130109
_lUCH01
_h1325
650 1 4 _aEnergéticos.
_936879
650 1 4 _aRecursos naturales
_xConservación
_xE.U.A.
_995235
901 _aBK
942 _cLIBRO
949 _a333.72 R4
_bBC
_cLIBRO
_d33724000216420
_eLIBRO
_f1980
_h59284
_i51007
_si
949 _a333.72 R4
_bBC
_cLIBRO
_d33724000331211
_eLIBRO
_f1974 c.2
_h50145
_i51007
_si
949 _a333.72 R4
_bBC
_cLIBRO
_d33724000331229
_eLIBRO
_f1974
_h50144
_i51007
_si
949 _a333.72 R4
_bBC
_cLIBRO
_d33724000331237
_eLIBRO
_f1973
_h50143
_i51007
_si
949 _a333.72 R4
_bBC
_cLIBRO
_d33724000331245
_eLIBRO
_f1984
_h65061
_i51007
_si
949 _a333.72 R4
_bBC
_cLIBRO
_d33724000331252
_eLIBRO
_f1970
_h5011141
_i51007
_si
949 _a333.72 R4
_bBC
_cLIBRO
_d33724000331260
_eLIBRO
_f1968
_h50140
_i51007
_si
949 _a333.72 R4
_bBC
_cLIBRO
_d33724000331336
_eLIBRO
_f1972
_h50142
_i51007
_si
949 _a333.72 R4
_bBC
_cLIBRO
_d33724000333282
_eLIBRO
_f1982
_h60375
_i51007
_si
949 _a333.72 R4
_bBC
_cLIBRO
_d33724000333290
_eLIBRO
_f1981
_h57776
_i51007
_si
949 _a333.72 R4
_bBC
_cLIBRO
_d33724000333308
_eLIBRO
_f1979 c.2
_h50152
_i51007
_si
949 _a333.72 R4
_bBC
_cLIBRO
_d33724000333316
_eLIBRO
_f1979
_h050151
_i51007
_si
949 _a333.72 R4
_bBC
_cLIBRO
_d33724000333324
_eLIBRO
_f1978 c.2
_h50150
_i51007
_si
949 _a333.72 R4
_bBC
_cLIBRO
_d33724000333332
_eLIBRO
_f1978
_h50149
_i51007
_si
949 _a333.72 R4
_bBC
_cLIBRO
_d33724000333340
_eLIBRO
_f1976 c.2
_h50148
_i51007
_si
949 _a333.72 R4
_bBC
_cLIBRO
_d33724000333357
_eLIBRO
_f1976
_h50147
_i51007
_si
949 _a333.72 R4
_bBC
_cLIBRO
_d33724000333365
_eLIBRO
_f1975
_h50146
_i51007
_si
999 _c45894
_d45894